| 000 | 00446nam a22001697a 4500 | ||
|---|---|---|---|
| 008 | 170818b xxu||||| |||| 00| p tur d | ||
| 020 | _a9754183937 | ||
| 041 | _atur | ||
| 050 | _bPL248.A53 | ||
| 100 |
_aAnday, Melih Cevdet _9229 |
||
| 245 | _aRahatı Kaçan Ağaç Toplu Şiirler 1 | ||
| 250 | _a5. Basım | ||
| 260 |
_aİstanbul _bAdam Yayınları _cNisan 2002 |
||
| 300 | _a343 Sayfa | ||
| 650 | 0 |
_9145 _aTürk Edebiyatı |
|
| 942 |
_2lcc _cBK |
||
| 999 |
_c1291 _d1269 |
||